Imagen 1 Imagen 2 Imagen 3 Imagen 4 Imagen 5 Imagen 6

Fuego en el corazón / (Registro nro. 53624)

Detalles MARC
000 -LEADER
campo de control de longitud fija 00598nam a22002177a 4500
003 - IDENTIFICADOR DE NÚMERO DE CONTROL
campo de control peliumch
005 - FECHA Y HORA DE LA ÚLTIMA TRANSACCIÓN
campo de control 20260219121041.0
008 - DATOS DE LONGITUD FIJA--INFORMACIÓN GENERAL
campo de control de longitud fija 260219b |||||||| |||| 00| 0 spa d
040 ## - FUENTE DE CATALOGACIÓN
Lengua de catalogación spa
Centro/agencia transcriptor umch
Centro/agencia modificador jcz
Normas de descripción rda
082 ## - NÚMERO DE LA CLASIFICACIÓN DECIMAL DEWEY
Número de clasificación 820.3/C74
100 1# - ENTRADA PRINCIPAL--NOMBRE DE PERSONA
Nombre de persona Sutcliffe, Katherine
Término indicativo de función/relación autor
245 ## - MENCIÓN DEL TÍTULO
Título Fuego en el corazón /
Mención de responsabilidad, etc. Sutcliffe, Katherine
250 ## - MENCION DE EDICION
Mención de edición 1a. ed.
260 ## - PUBLICACIÓN, DISTRIBUCIÓN, ETC.
Lugar de publicación, distribución, etc. AR, Buenos Aires;
Nombre del editor, distribuidor, etc. Ediciones Urano,
Fecha de publicación, distribución, etc. 2006
300 ## - DESCRIPCIÓN FÍSICA
Extensión 387 p.
650 ## - PUNTO DE ACCESO ADICIONAL DE MATERIA--TÉRMINO DE MATERIA
Término de materia o nombre geográfico como elemento de entrada Literatura Estadounidense
650 ## - PUNTO DE ACCESO ADICIONAL DE MATERIA--TÉRMINO DE MATERIA
Término de materia o nombre geográfico como elemento de entrada Autores estadounidenses
650 ## - PUNTO DE ACCESO ADICIONAL DE MATERIA--TÉRMINO DE MATERIA
Término de materia o nombre geográfico como elemento de entrada Mujeres autoras
653 ## - TÉRMINO DE INDIZACIÓN--NO CONTROLADO
Término no controlado Novela
942 ## - ELEMENTOS DE ENTRADA SECUNDARIOS (KOHA)
Fuente del sistema de clasificación o colocación Clasificación Decimal Dewey
Tipo de ítem Koha Libros
Suprimir en OPAC No
Existencias
Estatus retirado Estado de pérdida Fuente del sistema de clasificación o colocación Estado de daño No para préstamo Biblioteca de origen Biblioteca actual Fecha de adquisición Total checkouts Signatura topográfica completa Código de barras Visto por última vez Copia número Precio de reemplazo Tipo de ítem Koha
    Clasificación Decimal Dewey     Biblioteca Central Biblioteca Central 19/02/2026   820.3/C74 035822 19/02/2026 1 19/02/2026 Libros

Horarios de atención

De Lunes a Viernes de 8:00 a.m. -7:00 p.m.
Sábados de 8:00 a.m. - 5:00 p.m.



Email:
 biblioteca@umch.edu.pe

Teléfono: (01) 4490449 anexo 400 y 401
WhatsApp: +51 946 208 593